|
|
|
|
| LEADER |
00000nam a22000003a 4500 |
| 001 |
vtls008981541 |
| 003 |
SK-MaSNL |
| 005 |
20260301080950.0 |
| 008 |
240314 xr 000 1 cze |
| 040 |
|
|
|a SNK
|b slo
|c SNK
|e AACR2
|
| 041 |
1 |
|
|a cze
|h rus
|
| 044 |
|
|
|a xr
|
| 100 |
1 |
|
|a Kol'cov, Michail Jefimovič,
|d 1892-1942
|4 aut
|9 403501
|
| 245 |
1 |
0 |
|a Španělský deník
|c Michail Kolcov ; z ruského orginálu přeložila Věra Kružíková
|
| 260 |
|
|
|a Praha
|b SNPL
|c 1960
|
| 300 |
|
|
|a 584 s.
|
| 490 |
0 |
|
|a Jiskry, Nová beletristická knihovna
|v Svazek 20
|
| 650 |
0 |
7 |
|a ruská literatúra
|2 SNKPH
|9 1204
|
| 700 |
1 |
|
|a Kružíková, Věra
|4 trl
|9 385369
|
| 999 |
|
|
|c 654607
|d 656537
|
| 952 |
|
|
|a SNK
|b SNK
|y NEVYP
|7 0
|p 17A0546935
|o snkID 26637 D1
|i snkKIP 7167/60
|3 rekatalogizácia
|0 0
|1 1
|4 0
|d 2007-04-17
|l 0
|r 2026-02-23 18:33:22
|w 2026-02-23
|